00397nam a2200157Ia 4500008004100000020001800041082001700059100002300076245004100099250000600140260002500146300001000171500002400181650001000205700002400215230524s9999 xx 000 0 und d a9788123923802 a658.477bDHA aNidhi Gauba Dhawan 0aDisaster Management and Preparedness a1 aNew DelhibCBSc2014 a155p; aQuantity Number: 1 aCivil aAmbrina Sardar Khan